La lucha contra la vejez (Record no. 72281)

MARC details
000 -LEADER
campo de control de longitud fija 00853nam a2200217 i 4500
001 - NÚMERO DE CONTROL
campo de control 72281
003 - IDENTIFICADOR DE NÚMERO DE CONTROL
campo de control ES-MaACL
005 - FECHA Y HORA DE LA ÚLTIMA TRANSACCIÓN
campo de control 20250827063211.0
007 - CAMPO FIJO DE DESCRIPCIÓN FÍSICA--INFORMACIÓN GENERAL
campo de control de longitud fija t|
008 - DATOS DE LONGITUD FIJA--INFORMACIÓN GENERAL
campo de control de longitud fija 040830s1910 sp |||| | spa d
100 1# - ENTRADA PRINCIPAL--NOMBRE DE PERSONA
Nombre de persona Gimeno, Amalio,
Fechas asociadas al nombre 1850-1936
9 (RLIN) 57076
245 13 - MENCIÓN DEL TÍTULO
Título La lucha contra la vejez
Resto del título : discursos leídos en la Real Academia de Medicina para la recepción pública del académico electo Excmo. Sr. D. Amalio Gimeno el día 3 de julio de 1910 /
Mención de responsabilidad, etc. contestación del Excmo. Sr. D. Ángel Pulido Fernández.
260 ## - PUBLICACIÓN, DISTRIBUCIÓN, ETC.
Lugar de publicación, distribución, etc. Madrid :
Nombre del editor, distribuidor, etc. [s.n.,
Fecha de publicación, distribución, etc. 1910] (
Fabricante Antonio Marzo)
300 ## - DESCRIPCIÓN FÍSICA
Extensión 191 p. ;
Dimensiones 26 cm.
650 04 - PUNTO DE ACCESO ADICIONAL DE MATERIA--TÉRMINO DE MATERIA
Término de materia o nombre geográfico como elemento de entrada Envejecimiento.
9 (RLIN) 12329
700 1# - ENTRADA AGREGADA--NOMBRE PERSONAL
Nombre de persona Pulido, Ángel,
Fechas asociadas al nombre 1852-1932
9 (RLIN) 149324
710 2# - ENTRADA AGREGADA--NOMBRE DE ENTIDAD CORPORATIVA
Nombre de entidad corporativa o nombre de jurisdicción como elemento de entrada Real Academia de Medicina de Madrid
9 (RLIN) 6318
852 ## - LOCALIZACIÓN
Ubicación ES-MaACL
Número de control de estantería C-3393
852 ## - LOCALIZACIÓN
Ubicación ES-MaACL
Número de control de estantería 53-D-16
Holdings
Estatus retirado Estado de pérdida Estado de daño No para préstamo Biblioteca de origen Biblioteca actual Ubicación en estantería Fecha de adquisición Fuente de adquisición Total de préstamos Signatura topográfica completa Código de barras Visto por última vez Precio de reemplazo Tipo de ítem Koha
        Biblioteca del Ateneo de Madrid Biblioteca del Ateneo de Madrid Depósito 17/01/2008     53-D-16 1075674 23/02/2023 23/02/2023 Libro impreso
        Biblioteca del Ateneo de Madrid Biblioteca del Ateneo de Madrid Sala Palomar 17/01/2008     C-3393 1075673 23/02/2023 23/02/2023 Libro impreso